000 00428nam a2200169 i 4500
001 bg
100 1 _aHABIGER, Ernest
245 0 _aSilniki dwufazowe wykonawcze /
_cErnest Habiger.
260 _aWarszawa :
_bWydawnictwa Naukowo-Techniczne,
_c1977.
300 _a138 s.
650 9 _aSilniki elektryczne
040 _cBPK
041 _apol
080 _a621.313
942 _cKS
008 s pl f |000 0 pol
999 _c27836
_d27836
856 _uhttp://koha.tu.koszalin.pl/cgi-bin/koha/opac-detail.pl?biblionumber=27836
_yKatalog online BPK